[Event "FIDE World Rapid 2013"]
[Site "Khanty-Mansiysk RUS"]
[Date "2013.06.06"]
[Round "4.25"]
[White "Kabanov,N"]
[Black "Dubov,Danii"]
[Result "0-1"]
[WhiteElo "2472"]
[BlackElo "2638"]

1.e4 c5 2.Nf3 d6 3.Bb5+ Bd7 4.Bxd7+ Qxd7 5.O-O Nf6 6.Re1 Nc6 7.b3 g6 8.c3 Bg7
9.d4 O-O 10.d5 Na5 11.Nbd2 b5 12.Bb2 Rab8 13.Qe2 Nh5 14.g3 e6 15.dxe6 fxe6
16.Rab1 Nc6 17.c4 Bxb2 18.Rxb2 Qg7 19.e5 Rf5 20.cxb5 Nxe5 21.Rc2 Rbf8 22.Nxe5 Rxe5
23.Qf1 Rxe1 24.Qxe1 Qe7 25.Ne4 Ng7 26.Nc3 Nf5 27.Ne2 d5 28.Qc3 Rc8 29.Qe5 Kf7
30.g4 Qd6 31.Qc3 Ne7 32.f4 d4 33.Qd3 Nd5 34.Qe4 Nf6 35.Qd3 Nxg4 36.Rd2 Qd5
37.Ng3 Ne3 38.Nf1 Nf5 39.Ng3 Ne3 40.Nf1 Nxf1 41.Qxf1 c4 42.bxc4 Rxc4 43.Qh3 Kg7
44.Qh4 Qc5 45.Qd8 d3+ 46.Kg2 Rd4 47.Qb8 Rd5 48.Kf3 Kh6 49.Qh8 Qxb5 50.Qf8+ Kh5
51.Qe7 Qd7 52.Qf6 Rf5 53.Qh8 e5 54.Kg2 e4 55.Kg3 Qc7 56.Rf2 Rg5+ 57.Kh3 Qd7+
58.f5 Rxf5  0-1

[Event "2nd Server24 Open"]
[Site "Ortisei ITA"]
[Date "2013.06.06"]
[Round "6.13"]
[White "Boscolo,F"]
[Black "Messina,R"]
[Result "1-0"]
[WhiteElo "2314"]
[BlackElo "2020"]

1.e4 c5 2.Nf3 d6 3.Bb5+ Bd7 4.Bxd7+ Qxd7 5.O-O Nc6 6.Qe2 Nf6 7.Rd1 g6 8.c3 Bg7
9.d4 cxd4 10.cxd4 d5 11.e5 Ne4 12.Nc3 Nxc3 13.bxc3 Na5 14.Ng5 e6 15.Rd3 h6
16.Nh3 Qb5 17.Nf4 Rc8 18.Qg4 g5 19.Rf3 Bxe5 20.dxe5 gxf4 21.Qg7 Qe2 22.Ba3 Nc4
23.Rxf4 Nxe5 24.Qxh8+ Kd7 25.Qf6 Rxc3 26.Qe7+ Kc8 27.h3 Qd2 28.Qf8+  1-0

[Event "70th ch-GEO w 2013"]
[Site "Tbilisi GEO"]
[Date "2013.06.06"]
[Round "10.5"]
[White "Kobeshavidze,L"]
[Black "Guramishvili,S"]
[Result "1-0"]
[WhiteElo "1937"]
[BlackElo "2426"]

1.e4 c5 2.Nf3 d6 3.Bb5+ Nd7 4.d4 cxd4 5.Nxd4 Nf6 6.Nc3 a6 7.Bxd7+ Bxd7 8.O-O e5
9.Nde2 h6 10.a4 Be7 11.a5 b5 12.axb6 Qxb6 13.Qd3 O-O 14.Be3 Qb7 15.f3 Rfc8
16.b3 Be6 17.Rfd1 a5 18.Bf2 Ra6 19.Ra2 Bd8 20.Na4 Rac6 21.Nec3 Rb8 22.Qe3 Qc8
23.Raa1 Nd7 24.Rd3 Nb6 25.Nb5 Rxc2 26.Nxd6 Qc6 27.Nc3 Nd7 28.Na4 Nb6 29.Nc3 a4
30.bxa4 Nc4 31.Qa7 Ra8 32.Qb7 Qxb7 33.Nxb7 Be7 34.Nd5 Bf8 35.a5 Rb2 36.Nc7 Rxb7
37.Nxa8 Nxa5 38.Nb6 Nc6 39.Ra8 Nd4 40.Bxd4 exd4 41.Rxd4 Rxb6 42.Rdd8 g6 43.Rxf8+ Kg7
44.Kf2 Kf6 45.Rfb8 Rc6 46.Ra3 Rc2+ 47.Kg3 h5 48.h4 Rd2 49.Ra6 Rc2 50.Rb7 Rc5
51.Kf4 g5+ 52.hxg5+ Rxg5 53.Rxf7+  1-0

[Event "70th ch-GEO w 2013"]
[Site "Tbilisi GEO"]
[Date "2013.06.06"]
[Round "10.3"]
[White "Khukhashvili,S"]
[Black "Melia,S"]
[Result "1/2-1/2"]
[WhiteElo "2383"]
[BlackElo "2423"]

1.e4 c5 2.Nf3 d6 3.Bb5+ Nd7 4.c3 Nf6 5.Qe2 a6 6.Ba4 e6 7.O-O Be7 8.d4 b5
9.Bc2 cxd4 10.cxd4 Bb7 11.a4 bxa4 12.Nc3 O-O 13.Rxa4 Nb6 14.Ra1 a5 15.Bd3 a4
16.Bg5 Nfd7 17.Bf4 Nb8 18.e5 Nc6 19.exd6 Bxd6 20.Bxh7+ Kxh7 21.Ng5+ Kg6 22.Qd3+ f5
23.Nxe6 Bxf4 24.Nxd8 Raxd8 25.Qb5 Bc7 26.d5 Ne7 27.Rfe1 Nexd5 28.Nxd5 Rxd5
29.Qb4 Rf6 30.Qe7 Rd7 31.Qe8+ Rdf7 32.Rac1 Bf4 33.Rc3 Nd5 34.Rh3 Bh6 35.Qxa4 Kh7
36.Qc4 Rc7 37.Qd4 Re6 38.Qd1 Rxe1+ 39.Qxe1 Nf4 40.Rc3 Rxc3 41.bxc3 Bxg2 42.c4 Be4
43.Qa5 Ne2+ 44.Kf1 Nd4 45.c5 Bg5 46.Qc7 Bf6 47.Qf7 Bf3 48.Ke1 Nc6 49.Qe8 Bc3+
50.Kf1 Bf6 51.Ke1 f4 52.Qd7 Ne5 53.Qf5+ Kg8 54.Kf1 Kf7 55.Qxf4 Ke6 56.Qb4 Bc6
57.Qb8 Bf3 58.Qb6+ Kf5 59.Qa7 Bc6 60.h3 Kf4 61.Qa3 Ke4 62.h4 Kd5 63.h5 Bg5
64.Qa7 Bf6 65.Qa3 Bb5+ 66.Kg2 Nd7 67.Qe3 Nxc5 68.h6 gxh6 69.Qf3+ Ke6 70.Qe3+ Kd6
71.Qxh6 Bc6+ 72.Kg1 Nd7 73.Qf4+ Be5 74.Qb4+ Ke6 75.Qg4+ Kd5 76.Qf5 Kd6 77.Qd3+ Kc7
78.Qf5 Bd6 79.Qf7 Kb6 80.Qb3+ Kc7 81.Qf7 Be5 82.Qe7 Bd5 83.Qa3 Bc6 84.Qe7 Bf6
85.Qe6 Bd4 86.Qg4 Ne5 87.Qg7+ Kb6 88.Qe7 Kb5 89.Qd6 Kc4 90.Kf1 Bf3 91.Qa6+ Kd5
92.Qa8+ Ke6 93.Qc8+ Kd5 94.Qa8+ Kc4 95.Qa6+ Kc3 96.Qa1+ Kd3 97.Qb1+ Kc4 98.Qa2+ Kb4
99.Qd2+ Bc3 100.Qd6+ Kb3 101.Qe6+ Kb2 102.Qb6+ Kc2 103.Qe6 Kd2 104.Qh6+  1/2-1/2

[Event "Grand Europe Open Albena"]
[Site "Albena BUL"]
[Date "2013.06.07"]
[Round "7.5"]
[White "Spasov,V"]
[Black "Ashwin,J"]
[Result "1/2-1/2"]
[WhiteElo "2565"]
[BlackElo "2472"]

1.e4 c5 2.Nf3 d6 3.Bb5+ Nd7 4.d4 cxd4 5.Qxd4 a6 6.Bxd7+ Bxd7 7.O-O Rc8 8.Nc3 e5
9.Qb4 Bc6 10.Qb3 Be7 11.Rd1 Qc7 12.Bg5 Bxg5 13.Nxg5 Nf6  1/2-1/2

[Event "FIDE World Rapid 2013"]
[Site "Khanty-Mansiysk RUS"]
[Date "2013.06.07"]
[Round "6.16"]
[White "Ghaem Maghami,E"]
[Black "Khismatullin,D"]
[Result "0-1"]
[WhiteElo "2554"]
[BlackElo "2658"]

1.e4 c5 2.Nf3 d6 3.Bb5+ Nd7 4.d4 cxd4 5.Qxd4 a6 6.Bxd7+ Bxd7 7.O-O Rc8 8.c4 e5
9.Qd3 Qc7 10.Na3 h6 11.Be3 Nf6 12.Rac1 Be7 13.Nd2 Ng4 14.Nc2 O-O 15.h3 Nf6
16.Nb4 b5 17.c5 a5 18.Na6 Qc6 19.cxd6 Qxd6 20.Qxd6 Bxd6 21.Nc5 Bc6 22.f3 a4
23.a3 Nh5 24.Nd3 Rfd8 25.Rc3 Nf4 26.Bxf4 exf4 27.Rfc1 Bb7 28.Kf2 Rxc3 29.Rxc3 b4
30.axb4 Bxb4 31.Nxb4 Rxd2+ 32.Kg1 Rxb2 33.Nd3 Rb3 34.Rc7 a3 35.Nc1 Rb2 36.Kh2 g5
37.h4 g4 38.Rc3 a2 39.Ra3 g3+  0-1

[Event "FIDE World Rapid 2013"]
[Site "Khanty-Mansiysk RUS"]
[Date "2013.06.07"]
[Round "7.23"]
[White "Kabanov,N"]
[Black "Ghaem Maghami,E"]
[Result "1-0"]
[WhiteElo "2472"]
[BlackElo "2554"]

1.e4 c5 2.Nf3 d6 3.Bb5+ Nd7 4.d4 cxd4 5.Qxd4 a6 6.Bxd7+ Bxd7 7.c4 e5 8.Qd3 b5
9.Na3 Qb6 10.O-O Be7 11.b3 h6 12.Nc2 Nf6 13.Ba3 O-O 14.Nxe5 Be6 15.Nf3 bxc4
16.bxc4 Rfc8 17.Ne3 Nd7 18.Rab1 Qd8 19.Nd5 Bf8 20.Rb3 Nc5 21.Bxc5 Rxc5 22.Nd4 Rac8
23.Nxe6 fxe6 24.Ne3 Ra5 25.a3 Rb8 26.Rfb1 Rxb3 27.Rxb3 Qf6 28.g3 Qf3 29.Nc2 Qxd3
30.Rxd3 Ra4 31.Ne3 Kf7 32.Kg2 Ke8 33.Rb3 Be7 34.f4 Bd8 35.Kf3 Kd7 36.Ke2 Ra5
37.f5 exf5 38.Nxf5 Bf6 39.Kd3 h5 40.Ne3 h4 41.Nd5 hxg3 42.hxg3 Kc8 43.Kc2 Rc5
44.Kd3 Ra5 45.Ke3 Bg5+ 46.Kd3 Bf6 47.Ke2 Rc5 48.Rb4 Bd8 49.Kd3 Ra5 50.a4 Rc5
51.Kd4 Ra5 52.Kc3 Rc5 53.Rb1 Bf6+ 54.Kb4 Kd7 55.Rf1 Ke6 56.Rf5 Rc8 57.Nf4+ Kd7
58.Nd5 Ke6 59.Nxf6 gxf6 60.Ra5 Rb8+ 61.Kc3 Rb6 62.Kd4 Kd7 63.g4 Ke6 64.g5 fxg5
65.Rxg5 Rb4 66.Rg6+ Ke7 67.Kd5 Rxa4 68.Re6+ Kd7 69.Rxd6+ Kc7 70.Rc6+ Kd7
71.Rh6 Ra1 72.Rh7+ Kd8 73.Ra7 a5 74.Kd6 Rd1+ 75.Kc6 Ra1 76.Kb5 Rb1+ 77.Kxa5 Re1
78.Kb6 Rxe4 79.c5 Re1 80.Ra8+ Ke7 81.Kc7 Rc1 82.c6 Re1 83.Rh8 Ra1 84.Rh2 Re1
85.Rd2 Re3 86.Kb7 Rb3+ 87.Kc8 Rc3 88.c7 Rc1 89.Re2+ Kd6 90.Kd8 Kd5  1-0

[Event "FIDE World Rapid 2013"]
[Site "Khanty-Mansiysk RUS"]
[Date "2013.06.07"]
[Round "8.11"]
[White "Jakovenko,D"]
[Black "Dubov,Danii"]
[Result "1-0"]
[WhiteElo "2713"]
[BlackElo "2638"]

1.e4 c5 2.Nf3 d6 3.Bb5+ Bd7 4.Bxd7+ Qxd7 5.O-O Nf6 6.Qe2 Nc6 7.Rd1 e6 8.b3 Be7
9.Bb2 e5 10.c3 Qg4 11.d3 O-O 12.Nbd2 Nh5 13.Nc4 Nf4 14.Qf1 Qh5 15.Ne3 Rfe8
16.Nf5 Bf8 17.Ng3 Qg6 18.d4 exd4 19.cxd4 cxd4 20.Nxd4 d5 21.exd5 Nb4 22.Qb5 Nbd3
23.Bc1 Bc5 24.Be3 Rad8 25.Ndf5 Qb6 26.Qxb6 axb6 27.Bxc5 bxc5 28.Ne3 b5 29.Rd2 Rc8
30.Ngf5 Rcd8 31.g3 Nh3+ 32.Kg2 Nhxf2 33.Rxf2 Nxf2 34.Kxf2 g6 35.Nh4 Ra8 36.Nf3 Ra6
37.a4 Re4 38.Rd1 bxa4 39.d6 Re8 40.bxa4 Rxa4 41.Nd5 Kg7 42.d7 Rd8 43.Ne7 Ra2+
44.Kg1 c4 45.Nc6 Raa8 46.Ne1 Kf6 47.Rd6+ Kf5 48.Kf2 Ra2+ 49.Ke3 Rxd7 50.Rxd7 Rxh2
51.Rxf7+ Kg4 52.Rf3 c3 53.Ne5+ Kh3 54.Kd3 c2 55.Nxc2 Rg2 56.g4+ Kh4 57.Ne3 Ra2
58.Rf7 h5 59.Nxg6+ Kg5 60.Rf5+ Kxg6 61.Rxh5 Ra3+ 62.Ke4 Ra4+ 63.Kf3 Rb4 64.Rd5 Ra4
65.Re5 Rb4 66.Ng2 Rb3+ 67.Kf4 Rb4+ 68.Re4 Rb5 69.Nh4+ Kf6 70.Nf5 Rb1 71.g5+ Kf7
72.Ng3 Rb6 73.Kf5  1-0

[Event "FIDE World Rapid 2013"]
[Site "Khanty-Mansiysk RUS"]
[Date "2013.06.07"]
[Round "9.11"]
[White "Kabanov,N"]
[Black "Zvjaginsev,V"]
[Result "0-1"]
[WhiteElo "2472"]
[BlackElo "2659"]

1.e4 c5 2.Nf3 d6 3.Bb5+ Bd7 4.Bxd7+ Qxd7 5.O-O Nc6 6.b3 Nf6 7.Re1 e5 8.c3 Be7
9.d4 O-O 10.d5 Nd8 11.c4 Ne8 12.Nc3 g6 13.Rb1 b6 14.a3 Rc8 15.Qd3 f5 16.b4 f4
17.bxc5 bxc5 18.Qd1 g5 19.Qa4 Qxa4 20.Nxa4 g4 21.Nd2 h5 22.Nb3 f3 23.Na5 fxg2
24.Nc3 Bh4 25.Be3 Kh7 26.Kxg2 Kg6 27.Rb3 Bg5 28.Bxg5 Kxg5 29.Ne2 Nf6 30.Ng1 Rc7
31.h3 Rcf7 32.f3 Kh6 33.hxg4 hxg4 34.fxg4 Nxg4 35.Rh3+ Kg6 36.Nf3 Rf4 37.Rg3 Kf6
38.Nb3 Nf7 39.Nbd2 Rb8 40.Kh3 Rh8+ 41.Kg2 Rb8 42.Kh3 Ng5+ 43.Nxg5 Kxg5 44.Nf3+ Kh5
45.Re2 Rxe4 46.Reg2 Rb3 47.Nh2 Rxg3+ 48.Kxg3 Re3+ 49.Nf3 e4  0-1

[Event "FIDE World Rapid 2013"]
[Site "Khanty-Mansiysk RUS"]
[Date "2013.06.07"]
[Round "10.15"]
[White "Vasquez Schroeder,R"]
[Black "Najer,E"]
[Result "1/2-1/2"]
[WhiteElo "2542"]
[BlackElo "2633"]

1.e4 c5 2.Nf3 d6 3.Bb5+ Bd7 4.Bxd7+ Qxd7 5.c4 Nc6 6.Nc3 g6 7.d4 cxd4 8.Nxd4 Bg7
9.Nde2 Nh6 10.O-O O-O 11.Rb1 f5 12.f3 Kh8 13.Be3 fxe4 14.Nxe4 Nf5 15.Bf2 Ne5
16.b3 b5 17.cxb5 Qxb5 18.Nd4 Nxd4 19.Bxd4 Qd5 20.Kh1 a5 21.Rb2 Rac8 22.Rd2 Qf7
23.f4 h6 24.Ng3 Nc6 25.Bxg7+ Qxg7 26.Qe1 Nd4 27.Qe4 Nf5 28.Nxf5 Rxf5 29.g3 Kh7
30.Re1 Rc7 31.Kg2 h5 32.Qe6 Qf6 33.Qe3 Rfc5 34.Rde2 Rc2 35.Qe4 Rxe2+ 36.Rxe2 Qf5
37.Qd4 h4 38.Qe4 h3+ 39.Kf2 Qc5+ 40.Kf3 Kg7 41.g4 Qg1 42.Qe3 Qa1 43.Kf2 Qf6
44.g5 Qf5 45.Qe4 Qg4 46.Qf3 Qf5 47.Qe4 Qg4 48.Qf3 Qf5  1/2-1/2

[Event "3rd Ortega Rating"]
[Site "Ortega COL"]
[Date "2013.06.07"]
[Round "1.5"]
[White "Martinez Romero,M"]
[Black "Velez Alvarez,Laura Camila"]
[Result "1-0"]
[WhiteElo "2405"]
[BlackElo "1762"]

1.e4 c5 2.Nf3 d6 3.Bb5+ Bd7 4.a4 a6 5.Bc4 Nc6 6.O-O Nf6 7.Re1 Qc7 8.Nc3 e6
9.d3 Be7 10.Bf4 Ne5 11.Nxe5 dxe5 12.Bg3 O-O 13.Rf1 g6 14.Bh4 Qd8 15.a5 Ne8
16.Bg3 Bf6 17.f4 exf4 18.Bxf4 Bg7 19.Qe1 Bc6 20.Qg3 Qe7 21.Kh1 Rd8 22.Bg5 f6
23.Be3 Kh8 24.Qf2 Rf7 25.Bxc5 Qd7 26.d4  1-0

[Event "2nd Server24 Open"]
[Site "Ortisei ITA"]
[Date "2013.06.07"]
[Round "7.4"]
[White "Hansen,Eric"]
[Black "Codenotti,M"]
[Result "1-0"]
[WhiteElo "2577"]
[BlackElo "2390"]

1.e4 c5 2.Nf3 d6 3.Bb5+ Nd7 4.c3 Nf6 5.Qe2 a6 6.Ba4 b5 7.Bc2 Bb7 8.d4 e5
9.O-O Be7 10.Rd1 Qc7 11.d5 O-O 12.a4 c4 13.Na3 Qb6 14.Be3 Nc5 15.Nd2 Nfd7
16.b4 cxb3 17.Nxb3 Rfb8 18.Rdb1 Bc8 19.h3 h6 20.Nxc5 Nxc5 21.axb5 axb5 22.Nxb5 Rxa1
23.Rxa1 Bg5 24.Bxg5 hxg5 25.Qe3 Ra8 26.Bd1 Ra5 27.Rb1 Bd7 28.c4 f6 29.Bg4 Bxb5
30.Kh2 Ra4 31.Rxb5 Qa7 32.Qf3 Rxc4 33.Rxc5 Rxc5 34.Be6+ Kf8 35.Qh5 Ra5 36.Qh8+ Ke7
37.Qxg7+ Kd8 38.Qf8+ Kc7 39.Qc8+  1-0

[Event "XV Foment Martinenc"]
[Site "Barcelona ESP"]
[Date "2013.06.08"]
[Round "8.4"]
[White "Sanchez Ibern,M"]
[Black "Rafiee,M"]
[Result "1-0"]
[WhiteElo "2358"]
[BlackElo "2148"]

1.e4 c5 2.Nf3 d6 3.Bb5+ Bd7 4.Bxd7+ Qxd7 5.O-O Nc6 6.c3 Nf6 7.Re1 e5 8.d4 h6
9.Na3 Be7 10.Nc4 Qc7 11.dxe5 dxe5 12.a4 Rd8 13.Qe2 g6 14.g3 Kf8 15.Nh4 Kg7
16.Ng2 Rhe8 17.f4 exf4 18.gxf4 Bf8 19.Qf3 Na5 20.Nxa5 Qxa5 21.e5 Nd5 22.f5 c4
23.Nf4 Qb6+ 24.Kh1 Nxf4 25.Bxf4 Rd3 26.Qe4 Qc6 27.Qxc6 bxc6 28.f6+ Kh7 29.Re4 g5
30.Bg3 h5 31.Rae1 h4 32.Bf2 Rd2 33.Be3 Rxb2 34.Bxg5 Kg6 35.Bxh4 Bc5 36.Rf1 Rh8
37.Rg4+ Kh5 38.Rxc4 Be3 39.Bg3 Kg5 40.e6  1-0

[Event "French Top 12 2013"]
[Site "Haguenau FRA"]
[Date "2013.06.08"]
[Round "10.2"]
[White "Iordachescu,V"]
[Black "Volokitin,And"]
[Result "1/2-1/2"]
[WhiteElo "2582"]
[BlackElo "2687"]

1.e4 c5 2.Nf3 d6 3.Bb5+ Bd7 4.Bxd7+ Qxd7 5.O-O Nf6 6.e5 dxe5 7.Nxe5 Qc8 8.Qf3 e6
9.a4 Be7 10.d3 O-O 11.Na3 Nfd7  1/2-1/2

[Event "Mitropa Cup Women 2013"]
[Site "Meissen GER"]
[Date "2013.06.08"]
[Round "8.5"]
[White "Kochetkova,J"]
[Black "Brunello,M"]
[Result "1/2-1/2"]
[WhiteElo "2348"]
[BlackElo "2233"]

1.e4 c5 2.Nf3 d6 3.Bb5+ Nd7 4.d4 cxd4 5.Qxd4 a6 6.Bxd7+ Bxd7 7.c4 Rc8 8.Nc3 e6
9.O-O Qc7 10.b3 b5 11.Bb2 bxc4 12.Rac1 Nf6 13.Nd2 Qc5 14.Qxc4 Qg5 15.Qe2 Nh5
16.Nf3 Qg4 17.h3 Qg6 18.Nd5 exd5 19.exd5+ Be7 20.Rxc8+ Bxc8 21.Re1 Qxg2+
22.Kxg2 Nf4+ 23.Kh2 Nxe2 24.Rxe2 Rg8 25.Nd4 Kd7 26.Nc6 Bg5 27.Kg3 Bb7 28.h4 Bd8
29.Nb8+ Kc7 30.Nc6 Kd7 31.Nb8+ Kc7 32.Nc6 Kd7  1/2-1/2

[Event "Grand Europe Open Albena"]
[Site "Albena BUL"]
[Date "2013.06.09"]
[Round "9.4"]
[White "Spasov,V"]
[Black "Mareco,S"]
[Result "1/2-1/2"]
[WhiteElo "2565"]
[BlackElo "2557"]

1.e4 c5 2.Nf3 d6 3.Bb5+ Nd7 4.d4 cxd4 5.Qxd4 a6 6.Bxd7+ Bxd7 7.Bg5 h6 8.Bh4 Rc8
9.Nc3 e5 10.Qd3 Qc7 11.O-O Be6 12.Rfd1 g5 13.Bg3 Nf6 14.Nd2 Be7 15.Nf1 Qb6
16.Ne3 Qxb2 17.Ncd5 Nxd5 18.exd5 Bd7 19.c4 Qd4 20.Qe2 Qc5 21.Qh5 Kf8 22.Rab1 Kg7
23.Rxb7 Rc7 24.Rb3 f5 25.Bxe5+ dxe5 26.d6 Bxd6 27.Rbd3 Rc6 28.Rd5 Qb4 29.a3 Qxa3
30.c5 Be6 31.Rxd6 Rxd6 32.cxd6 f4  1/2-1/2

[Event "FIDE World Blitz 2013"]
[Site "Khanty-Mansiysk RUS"]
[Date "2013.06.09"]
[Round "2.12"]
[White "Gundavaa,B"]
[Black "Mamedov,Rau"]
[Result "1-0"]
[WhiteElo "2516"]
[BlackElo "2637"]

1.e4 c5 2.Nf3 d6 3.Bb5+ Nd7 4.O-O Nf6 5.Re1 g6 6.c3 a6 7.Bf1 Bg7 8.d4 cxd4
9.cxd4 O-O 10.a4 e5 11.d5 Nc5 12.Nc3 a5 13.h3 Bd7 14.Bb5 Rc8 15.Bg5 h6 16.Bxf6 Bxf6
17.Bxd7 Qxd7 18.Nb5 Bg7 19.Ra3 f5 20.Nd2 Rf6 21.exf5 gxf5 22.Nc4 Rcf8 23.Qh5 f4
24.Nd2 Rf5 25.Qe2 e4 26.Nxe4 Nxe4 27.Qxe4 Re5 28.Qb1 f3 29.Rxe5 Bxe5 30.Qg6+ Kh8
31.Qxh6+ Kg8 32.Rxf3 Rxf3 33.gxf3 Qf5 34.Kg2 Bf6 35.Nxd6 Qe5 36.Qg6+ Bg7
37.Qe8+ Qxe8 38.Nxe8 Bxb2 39.Nd6 b6 40.Nc4 Bd4 41.f4 Kf7 42.Kf3 Kf6 43.h4 Bc5
44.Ne5 Kf5 45.h5 b5 46.axb5 a4 47.Nc4 a3 48.Nxa3 Bxa3 49.b6 Bd6 50.b7 Bxf4
51.h6  1-0

[Event "FIDE World Blitz 2013"]
[Site "Khanty-Mansiysk RUS"]
[Date "2013.06.09"]
[Round "10.16"]
[White "Khairullin,I"]
[Black "Khismatullin,D"]
[Result "1-0"]
[WhiteElo "2658"]
[BlackElo "2658"]

1.e4 c5 2.Nf3 d6 3.Bb5+ Nd7 4.d4 cxd4 5.Qxd4 a6 6.Bxd7+ Bxd7 7.c4 e5 8.Qd3 b5
9.Nc3 bxc4 10.Qxc4 h6 11.O-O Nf6 12.Qd3 Be7 13.Nd2 O-O 14.Nc4 Bb5 15.Nxb5 axb5
16.Ne3 Qb6 17.Nf5 Rfe8 18.Bxh6 g6 19.Nxe7+ Rxe7 20.Bg5 Re6 21.b3 Qb7 22.f3 Kg7
23.a4 bxa4 24.bxa4 Ra6 25.Rfb1 Qa7+ 26.Be3 Qa8 27.Qc4 d5 28.exd5 Nxd5 29.Re1 Rac6
30.Qxd5  1-0

[Event "FIDE World Blitz 2013"]
[Site "Khanty-Mansiysk RUS"]
[Date "2013.06.09"]
[Round "13.19"]
[White "Kamsky,G"]
[Black "Gundavaa,B"]
[Result "0-1"]
[WhiteElo "2741"]
[BlackElo "2516"]

1.e4 c5 2.Nf3 d6 3.Bb5+ Nd7 4.c3 a6 5.Ba4 b5 6.Bc2 Bb7 7.O-O Ngf6 8.Re1 e5
9.d4 Be7 10.Nbd2 O-O 11.Nf1 Re8 12.d5 c4 13.b3 a5 14.bxc4 bxc4 15.Be3 Qc7
16.N3d2 Ba6 17.Ba4 Reb8 18.Bc6 Bb7 19.Bb5 Nc5 20.Bxc5 Qxc5 21.Bxc4 a4 22.Rb1 Bc8
23.Ne3 Bd7 24.Qc2 Bd8 25.Rxb8 Rxb8 26.Rb1 Rxb1+ 27.Qxb1 Ba5 28.Qb2 g6 29.g3 h5
30.Kg2 h4 31.Qc2 h3+ 32.Kf3 Kg7 33.Ke2 Bb6 34.Qb2 Ng4 35.Ndf1 Nf6 36.f3 Ba5
37.Kd3 Nh5 38.Nd1 Qg1 39.Qf2 Qh1 40.Ke2 a3 41.Qa7 Ba4 42.Qxa5 Bxd1+ 43.Kxd1 Qxf3+
44.Be2 Qxe4 45.Qxa3 Qxd5+ 46.Kc1 Qg2 47.Qb2 Nf6 48.a4 Qd5 49.Qb5 Qa2 50.Nd2 Qa1+
51.Nb1 Ne4 52.Qb4 Nc5 53.Bb5 Qa2 54.Nd2 Qa1+ 55.Kc2 Qa2+ 56.Qb2 Qd5 57.Kb1 Qh1+
58.Nf1 Qe4+ 59.Qc2 Qd5 60.Kb2 Qb7 61.Ka3 Qd5 62.Ne3 Qf3 63.Nc4 Qd5 64.a5 Ne4
65.Kb4 Qc5+ 66.Ka4 d5 67.a6 f5 68.Qd3 dxc4 69.Qxc4  0-1

[Event "FIDE World Blitz 2013"]
[Site "Khanty-Mansiysk RUS"]
[Date "2013.06.09"]
[Round "15.6"]
[White "Jakovenko,D"]
[Black "Inarkiev,E"]
[Result "1/2-1/2"]
[WhiteElo "2713"]
[BlackElo "2680"]

1.e4 c5 2.Nf3 d6 3.Bb5+ Nd7 4.O-O Nf6 5.Re1 a6 6.Bf1 b6 7.c3 Bb7 8.d3 e5
9.Nbd2 Be7 10.d4 cxd4 11.cxd4 exd4 12.Nxd4 O-O 13.Nf5 Nc5 14.f3 Re8 15.Nxe7+ Qxe7
16.b4 Ncd7 17.Bb2 d5 18.e5 Qxb4 19.Nb3 Nh5 20.Bd4 Nf4 21.a3 Qe7 22.Qd2 Ne6
23.Bf2 Qg5 24.Qxg5 Nxg5 25.Nd4 Ne6 26.Nf5 Ndc5 27.Rad1 Red8 28.Nd6 Bc6 29.g3 g6
30.f4 Rab8 31.Bg2 Ne4 32.Nxe4 dxe4 33.Rxd8+ Nxd8 34.Bxe4 Bxe4 35.Rxe4 Ne6
36.g4 Nc5 37.Rd4 Ne6 38.Re4 Nc5 39.Rd4 Ne6 40.Re4 b5 41.f5 Ng5 42.Re3 h5
43.h4 Nh7 44.fxg6 fxg6 45.gxh5 gxh5 46.e6 Re8 47.Re5 Nf8 48.Rxh5  1/2-1/2

[Event "27th Pula Open 2013"]
[Site "Pula CRO"]
[Date "2013.06.09"]
[Round "2.19"]
[White "De Filomeno,S"]
[Black "Wagner,Rai"]
[Result "1-0"]
[WhiteElo "2365"]
[BlackElo "2082"]

1.e4 c5 2.Nf3 d6 3.Bb5+ Bd7 4.Bxd7+ Qxd7 5.c4 g6 6.d4 cxd4 7.Nxd4 Bg7 8.Nc3 Nc6
9.Be3 Rc8 10.b3 Nf6 11.h3 O-O 12.O-O e6 13.Rc1 Rfd8 14.Nde2 d5 15.cxd5 exd5
16.exd5 Nxd5 17.Nxd5 Qxd5 18.Qxd5 Rxd5 19.Nc3 Rdd8 20.Ne4 h6 21.Rfd1 Rxd1+
22.Rxd1 Rc7 23.Rd6 Re7 24.Nf6+ Bxf6 25.Rxf6 Rd7 26.Bxh6 Rd1+ 27.Kh2 Ra1 28.a4 Rb1
29.Rf3 Na5 30.Rc3 Rxb3 31.Rxb3 Nxb3 32.Be3 b6 33.Kg3 Kf8 34.Kf4 Ke7 35.Ke5 Na5
36.Kd5 Kd7 37.h4 Nc6 38.g4 f6 39.h5 Ne7+ 40.Kc4 Ke6 41.h6 g5 42.h7 Ng6 43.Kb5 Kf7
44.Ka6 Kg7 45.Kxa7 Ne5 46.Kxb6 Kxh7 47.a5 Nc4+ 48.Kb5 Nxa5 49.Kxa5 Kg6 50.Kb5 f5
51.f3 Kf6 52.Kc4  1-0

[Event "2nd Grand Europe Open 2013"]
[Site "Golden Sands BUL"]
[Date "2013.06.10"]
[Round "1.51"]
[White "Blagojevic,Tijana"]
[Black "Virovlansky,S"]
[Result "0-1"]
[WhiteElo "2051"]
[BlackElo "2432"]

1.e4 c5 2.Nf3 d6 3.Bb5+ Bd7 4.Bxd7+ Qxd7 5.O-O Nf6 6.Qe2 Nc6 7.Rd1 e6 8.d4 cxd4
9.Nxd4 Be7 10.c4 Rc8 11.Nc3 a6 12.b3 b5 13.Nf3 Qb7 14.cxb5 axb5 15.Bb2 b4
16.Nb5 Rd8 17.a3 O-O 18.axb4 Nxe4 19.Nfd4 Nxd4 20.Rxd4 Bf6 21.Ra7 Qc6 22.Rc7 Qb6
23.Qxe4 Qxb5 24.Rd2 Bxb2 25.Rxb2 d5 26.Qd4 Rb8 27.h3 Qxb4 28.Qe5 Rbc8 29.Ra7 Ra8
30.Rc7 Rac8 31.Rd7 h6 32.f4 Qb5 33.Rd6 Rc1+ 34.Kh2 Qc5 35.f5 Qg1+ 36.Kg3 Re1
37.Re2 Rxe2 38.Qxe2 Rb8 39.fxe6 Rxb3+ 40.Kh4 Qd4+ 41.Qg4 Qf6+ 42.Kh5 Qe5+  0-1

[Event "FIDE World Blitz 2013"]
[Site "Khanty-Mansiysk RUS"]
[Date "2013.06.10"]
[Round "22.16"]
[White "Gundavaa,B"]
[Black "Khismatullin,D"]
[Result "0-1"]
[WhiteElo "2516"]
[BlackElo "2658"]

1.e4 c5 2.Nf3 d6 3.Bb5+ Nd7 4.O-O a6 5.Bd3 Ngf6 6.c3 b5 7.Bc2 Bb7 8.Re1 e5
9.d4 Be7 10.Nbd2 O-O 11.Nf1 Re8 12.Ng3 Bf8 13.d5 c4 14.b3 Qc7 15.bxc4 Qxc4
16.Bd2 Nb6 17.Nf5 Qc7 18.Bd3 Nfd7 19.Ng5 g6 20.Qf3 Nc5 21.Bc2 f6 22.Qg3 Kh8
23.Ne6 Nxe6 24.dxe6 gxf5 25.exf5 Be7 26.Be4 Rg8 27.Qh3 d5 28.Bf3 Nc4 29.Bh6 Bf8
30.Bxf8 Raxf8 31.a4 Nd2 32.Be2 d4 33.f3 dxc3  0-1

[Event "FIDE World Blitz 2013"]
[Site "Khanty-Mansiysk RUS"]
[Date "2013.06.10"]
[Round "22.1"]
[White "Mamedov,Rau"]
[Black "Le Quang Liem"]
[Result "1/2-1/2"]
[WhiteElo "2637"]
[BlackElo "2712"]

1.e4 c5 2.Nf3 d6 3.Bb5+ Bd7 4.Bxd7+ Nxd7 5.O-O Ngf6 6.Re1 Rc8 7.c3 Qc7 8.d3 e6
9.Bf4 Be7 10.d4 Qb6 11.Qe2 O-O 12.Bg5 h6 13.Bh4 Rfe8 14.e5 Nd5 15.Bxe7 Nxe7
16.exd6 Qxd6 17.Nbd2 Nd5 18.Ne4 Qc7 19.dxc5 Nxc5 20.Rad1 Nxe4 21.Qxe4 Red8
22.h3 b5 23.Rd4 Nf6 24.Qe2 Qb6 25.Red1 Rxd4 26.Rxd4 Nd5 27.Qd2 a6 28.Ne5 Qc7
29.Nf3 Nb6 30.Qe2 Na4 31.Ne5 Rd8 32.Rxd8+ Qxd8 33.c4 bxc4 34.Nxc4 Qd4 35.Qc2 Nc5
36.Nd2 Qd5 37.b4 Nd3 38.a3 Nf4 39.Nf3 Nxh3+ 40.gxh3 Qxf3 41.a4 Qxh3 42.Qc4 Qa3
43.a5 h5 44.Qxa6 Qxb4 45.Qb6 Qg4+ 46.Kf1 Qd1+ 47.Kg2  1/2-1/2

[Event "FIDE World Blitz 2013"]
[Site "Khanty-Mansiysk RUS"]
[Date "2013.06.10"]
[Round "24.3"]
[White "Mamedov,Rau"]
[Black "Nepomniachtchi,I"]
[Result "0-1"]
[WhiteElo "2637"]
[BlackElo "2717"]

1.e4 c5 2.Nf3 d6 3.Bb5+ Nd7 4.O-O Nf6 5.Re1 a6 6.Bd3 g6 7.c3 Ne5 8.Be2 Bg7
9.d4 cxd4 10.cxd4 Nxf3+ 11.Bxf3 O-O 12.Nc3 Nd7 13.Be3 Nb6 14.b3 Be6 15.Rc1 Rc8
16.Qd2 Na8 17.Ne2 Bd7 18.d5 Rxc1 19.Rxc1 Qb8 20.h4 Rc8 21.h5 Nc7 22.Bd4 Ne8
23.Bxg7 Kxg7 24.g4 Rxc1+ 25.Qxc1 Qc7 26.Qd2 Qc8 27.g5 Bg4 28.h6+ Kf8 29.Bxg4 Qxg4+
30.Ng3 f6 31.gxf6 Nxf6 32.Qe3 Kf7 33.a4 a5 34.Qc3 Qf4 35.Qd4 Qxh6 36.e5 Qc1+
37.Kg2 dxe5 38.Qxe5 Qc8 39.d6 Qc6+ 40.Kg1 Qxd6 41.Qxa5 Qd1+ 42.Kh2 Qxb3 43.Qa7 h5
44.Kg2 h4 45.Nf1 h3+ 46.Kg1 Qf3 47.Ne3 Ng4  0-1

[Event "FIDE World Blitz 2013"]
[Site "Khanty-Mansiysk RUS"]
[Date "2013.06.10"]
[Round "26.18"]
[White "Gundavaa,B"]
[Black "Popov,Iv RUS"]
[Result "1-0"]
[WhiteElo "2516"]
[BlackElo "2632"]

1.e4 c5 2.Nf3 d6 3.Bb5+ Nd7 4.O-O a6 5.Bd3 g6 6.c3 Bg7 7.a4 Ne5 8.Be2 Nxf3+
9.Bxf3 Nf6 10.d4 O-O 11.Re1 e5 12.dxe5 dxe5 13.a5 Be6 14.Be3 Qc7 15.Nd2 Rad8
16.Qe2 Ne8 17.b4 Qd7 18.bxc5 f5 19.Nc4 f4 20.Bc1 Qb5 21.Nd6 Nxd6 22.cxd6 Qxe2
23.Bxe2 Rd7 24.Ba3 Rc8 25.c4 g5 26.h3 Rxc4 27.Bxc4 Bxc4 28.Rec1 Bb5 29.Rc7 Kf7
30.Rxd7+ Bxd7 31.Rc1 Bc6 32.d7 Bxd7 33.Rc7 Ke8 34.Rxb7 h5 35.Ra7 g4 36.hxg4 hxg4
37.Rxa6 Bb5 38.Rg6 Kf7 39.Rxg4 Bf6 40.f3 Ba6 41.Bc5 Bc8 42.Kf2 Bd8 43.Bb6 Be7
44.g3 fxg3+ 45.Kxg3 Bb4 46.Rg5  1-0

[Event "FIDE World Blitz 2013"]
[Site "Khanty-Mansiysk RUS"]
[Date "2013.06.10"]
[Round "27.13"]
[White "Akopian,Vl"]
[Black "Najer,E"]
[Result "1-0"]
[WhiteElo "2691"]
[BlackElo "2633"]

1.e4 c5 2.Nf3 d6 3.Bb5+ Bd7 4.a4 a6 5.Bxd7+ Nxd7 6.a5 Ngf6 7.d3 e6 8.O-O Be7
9.b3 O-O 10.Bb2 d5 11.exd5 Nxd5 12.Nbd2 Bf6 13.Bxf6 Qxf6 14.Nc4 Nb8 15.Nfe5 Qe7
16.Re1 f6 17.Ng4 Nc6 18.Nge3 Qf7 19.Nd6 Qc7 20.Ndc4 Rad8 21.Qg4 f5 22.Qd1 Nd4
23.Nxd5 exd5 24.Ne5 Rde8 25.f4 Nc6 26.Nxc6 Qxc6 27.Re5 Rxe5 28.fxe5 d4 29.Qh5 Qe6
30.Re1 Re8 31.Qf3 Re7 32.h3 Rf7 33.Kh2 g6 34.h4 Kg7 35.Qf4 h6 36.Re2 Re7
37.Qg3 Rf7 38.Qf4 Re7 39.Re1 Rf7 40.Rf1 Re7 41.Re1 Rf7 42.b4 cxb4 43.Qxd4 f4
44.Qxb4 Qg4 45.e6 Qg3+ 46.Kg1 f3 47.Qd4+ Kh7 48.Qf2 Qxf2+ 49.Kxf2  1-0